21 Sueños.

שמור ב:
מידע ביבליוגרפי
מחבר ראשי: Mendoza, Marcelo (textos)
מחברים אחרים: Hoppe, Álvaro (fotografías), Lacoste, Jean-Paul (colaboración)
פורמט: ספר
שפה:ספרדית
יצא לאור: Santiago, Chile: Mandrágora Ediciones, 2013.
מהדורה:Primera edición.
נושאים:
תגים: הוספת תג
אין תגיות, היה/י הראשונ/ה לתייג את הרשומה!

MARC

LEADER 00000nam a22000007a 4500
003 CL-VaPUC
005 20250321101918.0
008 250114t2013 ||||| |||| 00| 0 spa d
999 |c 446496  |d 446494 
020 |a 978-956-9114-12-0 
040 |c Pontificia Universidad Católica de Valparaíso 
082 |2 22  |a 331.1172 MEN 2013 
100 |9 895371  |a Mendoza, Marcelo  |e textos 
245 |a 21 Sueños. 
246 |a Veintiún sueños. 
250 |a Primera edición. 
260 |a Santiago, Chile:  |b Mandrágora Ediciones,  |c 2013. 
300 |a 235 páginas:  |b fotografías. 
500 |a c.1 Instituto Arcos. 08-01-2025 
583 |c 20250114  |k Yessy Sthefany Diaz Vidal 
650 0 |9 388613  |a Trabajadores independientes  |x Aspiraciones, ambiciones, etc.  |z Chile 
700 |9 862252  |a Hoppe, Álvaro  |e fotografías 
700 |9 895372  |a Lacoste, Jean-Paul  |e colaboración 
942 |2 ddc  |c BK  |n 0 
952 |0 0  |1 0  |2 ddc  |4 0  |6 331_117200000000000_MEN_2013  |7 0  |8 A  |9 599264  |a BIBINC  |b BIBINC  |d 2025-01-14  |e Instituto Arcos  |i 5664250  |o 331.1172 MEN 2013  |p 5664250  |r 2025-01-14  |t 1  |w 2025-01-14  |y BK  |k IFP